Western political philosophers / (Record no. 7576)
[ view plain ]
| 000 -LEADER | |
|---|---|
| fixed length control field | 00847nam a2200277 a 4500 |
| 001 - CONTROL NUMBER | |
| JCCL Control Number | 7576 |
| 003 - CONTROL NUMBER IDENTIFIER | |
| JCCL marc code | BD-JhCC |
| 005 - DATE AND TIME OF LATEST TRANSACTION | |
| control field | 20181006171305.0 |
| 008 - FIXED-LENGTH DATA ELEMENTS--GENERAL INFORMATION | |
| fixed length control field | 741217s1964 enk b 000 0 eng d |
| 035 ## - SYSTEM CONTROL NUMBER | |
| system control number | (BD-JhCC)7576 |
| 035 ## - SYSTEM CONTROL NUMBER | |
| system control number | (OCoLC)1114610 |
| 040 ## - CATALOGING SOURCE | |
| Original cataloging agency | BD-JhCC |
| Modifying agency | BD-JhCC |
| 041 ## - LANGUAGE CODE | |
| Language code of Book | eng |
| 050 00 - LIBRARY OF CONGRESS CALL NUMBER | |
| Classification number | JA81 |
| Item number | .C64 |
| 082 ## - DEWEY DECIMAL CLASSIFICATION NUMBER | |
| Classification number | 320.1 |
| Author mark and Year | CRA 1964 |
| 100 1# - MAIN ENTRY--PERSONAL NAME | |
| Personal name | Cranston, Maurice William, |
| Dates associated with a name | 1920- |
| 245 10 - TITLE STATEMENT | |
| Title | Western political philosophers / |
| Statement of responsibility, etc | edited by Maurice Cranston. |
| 260 ## - PUBLICATION, DISTRIBUTION, ETC. (IMPRINT) | |
| Place of publication, distribution, etc | The Bodley Head : |
| Name of publisher, distributor, etc | London, |
| Date of publication, distribution, etc | 1964. |
| 300 ## - PHYSICAL DESCRIPTION | |
| Pagination | 124 p. |
| Dimensions | 19 cm. |
| 490 0# - SERIES STATEMENT | |
| Series statement | A Background book |
| 504 ## - BIBLIOGRAPHY, ETC. NOTE | |
| Bibliography, etc | Bibliography: p. 119-124. |
| 505 0# - FORMATTED CONTENTS NOTE | |
| Formatted contents note | Plato -- Aristotle -- Aquinas -- Machiavelli -- Hobbes -- Locke -- Rousseau -- Burke -- Hegel -- Marx -- Mill. |
| 650 #0 - SUBJECT ADDED ENTRY--TOPICAL TERM | |
| Topical term or geographic name as entry element | Political science |
| General subdivision | History. |
| 942 ## - ADDED ENTRY ELEMENTS (KOHA) | |
| Source of classification or shelving scheme | Dewey Decimal Classification |
| Koha item type | Books |
| Source of classification or shelving scheme | Damaged status | Not for loan | Home library | Current library | Shelving location | Date of accession | Total Checkouts | Full call number | Barcode | Date last seen | Copy number | Koha item type |
|---|---|---|---|---|---|---|---|---|---|---|---|---|
| Dewey Decimal Classification | JCC Rouf Library | JCC Rouf Library | General Stacks | 02/11/2018 | 320.1 CRA 1964 | 9780 | 02/11/2018 | C-1 | Books |